ARRUPE JESUIT UNIVERSITY

CORONAVIRUS -STOP THE SPREAD - CLEAN,DISINFECT,COVER

Concerning being and essence (Record no. 85234)

MARC details
000 -LEADER
fixed length control field 00508nam a2200217Ia 4500
003 - CONTROL NUMBER IDENTIFIER
control field 0100
005 - DATE AND TIME OF LATEST TRANSACTION
control field 20171018095936.0
008 - FIXED-LENGTH DATA ELEMENTS--GENERAL INFORMATION
fixed length control field 130307s9999 xx 000 0 und d
040 ## - CATALOGING SOURCE
Transcribing agency ARRUPELIB
050 ## - LIBRARY OF CONGRESS CALL NUMBER
Classification number B765.T531 1937
300 ## - PHYSICAL DESCRIPTION
Other physical details 22cm
100 ## - MAIN ENTRY--PERSONAL NAME
Personal name Aquinas, Thomas Saint
9 (RLIN) 37106
245 ## - TITLE STATEMENT
Title Concerning being and essence
245 ## - TITLE STATEMENT
Remainder of title (De ente et essentia)
260 ## - PUBLICATION, DISTRIBUTION, ETC. (IMPRINT)
Place of publication, distribution, etc New York
260 ## - PUBLICATION, DISTRIBUTION, ETC. (IMPRINT)
Name of publisher, distributor, etc Appleton-Century
260 ## - PUBLICATION, DISTRIBUTION, ETC. (IMPRINT)
Date of publication, distribution, etc 1937
300 ## - PHYSICAL DESCRIPTION
Extent 47p.
650 ## - SUBJECT ADDED ENTRY--TOPICAL TERM
Topical term or geographic name as entry element Metaphysics
9 (RLIN) 37211
700 ## - ADDED ENTRY--PERSONAL NAME
Personal name Leckie, George G. (tr.)
9 (RLIN) 37212
942 00 - ADDED ENTRY ELEMENTS (KOHA)
Koha issues (borrowed), all copies 2
Source of classification or shelving scheme Library of Congress Classification
Koha item type Monograph ( Printed materials)
Holdings
Withdrawn status Lost status Source of classification or shelving scheme Damaged status Not for loan Collection code Home library Current library Shelving location Date acquired Total Checkouts Full call number Barcode Date last seen Date checked out Copy number Price effective from Koha item type
    Library of Congress Classification     Main Collection ARRUPE LIBRARY ARRUPE LIBRARY Main Collection 07/03/2013 3 B765.T531 V3 L4 1937 46500026058 02/12/2015 27/11/2015 1 07/03/2013 Monograph ( Printed materials)

 

Arrupe Library. PO Box MP320 Mt Pleasant, Harare, Zimbabwe
263 242 745411|librarian@aju.ac.zw